Delirious Architecture (Record no. 12948)

000 -LEADER
fixed length control field 00302 a2200133 4500
008 - FIXED-LENGTH DATA ELEMENTS--GENERAL INFORMATION
fixed length control field 240627b ||||| |||| 00| 0 eng d
020 ## - INTERNATIONAL STANDARD BOOK NUMBER
International Standard Book Number 9798892777254
082 ## - DEWEY DECIMAL CLASSIFICATION NUMBER
Classification number 720
100 ## - MAIN ENTRY--PERSONAL NAME
Personal name Sahil Tanveer
245 ## - TITLE STATEMENT
Title Delirious Architecture
260 ## - PUBLICATION, DISTRIBUTION, ETC. (IMPRINT)
Name of publisher, distributor, etc Notion Press
300 ## - PHYSICAL DESCRIPTION
Extent 304pages
942 ## - ADDED ENTRY ELEMENTS (KOHA)
Source of classification or shelving scheme
Holdings
Withdrawn status Lost status Source of classification or shelving scheme Damaged status Koha normalized classification for sorting Not for loan Permanent location Current location Date acquired Source of acquisition Cost, normal purchase price Full call number Barcode Date last seen Cost, replacement price Price effective from Koha item type
        720_000000000000000   BMS College of Architecture, Design and Planning BMS College of Architecture, Design and Planning 2024-08-01 1 2474.25 720 AR-UG4198 2024-08-01 3299.00 2024-08-01 B.Design
        720_000000000000000   BMS College of Architecture, Design and Planning BMS College of Architecture, Design and Planning 2024-08-01 1 2474.25 720 AR-UG4199 2024-08-01 3299.00 2024-08-01 B.Design
Copyright © 2025, The Librarian, Library and Information Centre, BMSCA D&P, Bengaluru. All Rights Reserved
web counter

Powered by Koha